| 000 | 00603nam a22001937a 4500 | ||
|---|---|---|---|
| 005 | 20140411154811.0 | ||
| 010 | _aENG-109336 | ||
| 020 |
_a9788172737306 _c650.00 |
||
| 035 | _aEN-92869 | ||
| 037 | _bDBAD/PUB | ||
| 082 | _a363.20954 | ||
| 100 | _aGahlawat, Dalvir Singh | ||
| 245 |
_aPsycho-social analysis of Indian Police system / _cby Dalvir Singh Gahlawat |
||
| 260 |
_a Delhi _bAuthorspress _c2013 |
||
| 270 |
_aE-35/103, Jawahar Park Laxmi Nagar _b Delhi _e110092 |
||
| 300 |
_aviii,203p. : _c22cm(Hb) _bill. |
||
| 500 | _aIncludes index | ||
| 942 |
_2ddc _cEN _mGAH _h363.20954 |
||
| 999 |
_c82595 _d82595 |
||